|
|
|
|
| LEADER |
01921nam a22004932i 4500 |
| 001 |
001284119 |
| 003 |
CZ BrMZK |
| 005 |
20190405100643.0 |
| 007 |
ta |
| 008 |
130318s1947 xr af gr 000 p cze |
| 015 |
|
|
|a cnb001085062
|
| 035 |
|
|
|a (OCoLC)63003138
|
| 040 |
|
|
|a ABA001
|b cze
|c ABA001
|d ABA001
|e rda
|
| 043 |
|
|
|a e-xr---
|
| 045 |
|
|
|a w-w-
|
| 072 |
|
7 |
|x Česká poezie
|a 821.162.3-1
|2 Konspekt
|9 25
|
| 080 |
|
|
|a 82-995
|2 MRF
|
| 080 |
|
|
|a 821.162.3-1
|2 MRF
|
| 080 |
|
|
|a (0:82-1)
|2 MRF
|
| 080 |
|
|
|a (437.3)
|2 MRF
|
| 080 |
|
|
|a (0.027.6)
|2 MRF
|
| 245 |
0 |
0 |
|a Jaroslav, vítěz nad Tatary :
|b Rukopis Královédvorský /
|c litografie Františka Bílkovského
|
| 264 |
|
1 |
|a [Hranice] :
|b Josef Hladký,
|c 1947
|
| 300 |
|
|
|a 39 stran :
|b ilustrace ;
|c 26 cm
|
| 336 |
|
|
|a text
|b txt
|2 rdacontent
|
| 337 |
|
|
|a bez média
|b n
|2 rdamedia
|
| 338 |
|
|
|a svazek
|b nc
|2 rdacarrier
|
| 500 |
|
|
|a Bibliofilie
|
| 500 |
|
|
|a Dostupné též v digitální podobě v aplikaci Kramerius
|
| 500 |
|
|
|a Náklad: 100 výtisků
|
| 500 |
|
|
|a [Na ručním lisu vytiskl Josef Hladký]
|
| 500 |
|
|
|a Reference: Bubla 6180
|
| 546 |
|
|
|a Písmem Empiriana antikva
|
| 562 |
|
|
|a Podpis: F. Bílkovský
|b 2619526305
|5 CZ-BrMZK
|
| 562 |
|
|
|a Vazba: Originální papírová obálka, dodatečně vevázáno do plátěné vazby
|b 2619526305
|5 CZ-BrMZK
|
| 650 |
0 |
7 |
|a literární falzifikáty
|7 ph122382
|z Česko
|y 19. stol.
|2 czenas
|
| 655 |
|
7 |
|a česká poezie
|7 fd133958
|2 czenas
|
| 655 |
|
7 |
|a bibliofilie
|7 fd131893
|2 czenas
|
| 700 |
1 |
|
|a Bílkovský, František,
|d 1909-1998
|7 jk01012086
|4 ltg
|
| 856 |
4 |
1 |
|u http://www.digitalniknihovna.cz/mzk/uuid/uuid:8fe3ff70-b72f-11e8-bbaa-005056827e52
|y Digitalizovaný dokument
|x NDK
|
| 910 |
|
|
|a BOA001
|b Bf2-0848.467
|
| 990 |
|
|
|a BK
|
| 991 |
|
|
|b 201303
|
| 996 |
6 |
|
|b 2619526305
|c Bf2-0848.467
|l Stud. starých tisků/4.patro
|r Sklad / do násl. otevíracího dne
|n 2
|w 001318534
|u 000010
|a 1
|e BOA001
|j MZK50
|s P
|